01098nam a22002057a 4500003000400000005001700004008004100021040000900062100003600071245022800107260001700335502021000352610004500562650004200607650004000649700001800689700004000707710008300747856006200830OSt20151026133603.0130715s2012 sp ||||| |||| 00| 0 spa d cCDMR1 aOrtiz de Guinea Ayala, Yolanda 10aSistema digital de producción televisivab: información y nuevos contenidos (el caso de Telemadrid)cYolanda Ortiz de Guinea Ayala ; directores Emili Pardo Rico, Luis Miguel Martínez Fernándezh[recurs electrònic] c2012aMadrid aTesi doctoral defensada el 17 de desembre de 2012cUniversidad Complutense de Madrid, Facultad de Ciencias de la Información, Departamento de Periodismo II (Estructura y Tecnología de la Información)2 aEnte Público Radio Televisión Madrid04aTelevisióxProducció i direcció04aTesis i dissertacions acadèmiques1 aPrado, Emilio1 aMartínez Fernández, Luis Miguel2 aUniversidad Complutense de Madridb-- Facultad de Ciencias de la Información40uhttp://eprints.ucm.es/19964/yDisponible en línia (UCM)